Physical properties of inorganic compounds : SI units /
Guardado en:
| Autor Principal: | |
|---|---|
| Formato: | Libro |
| Idioma: | English |
| Publicado: |
London :
E. Arnold,
1975.
|
| Materias: | |
| Etiquetas: |
Agregar Etiqueta
Sin Etiquetas, Sea el primero en etiquetar este registro!
|
| LEADER | 00807cam a22002415a 4500 | ||
|---|---|---|---|
| 001 | EIQ.libpla001714 | ||
| 008 | 750408s1975####enka#####b####001#0#eng#d | ||
| 005 | 20061211171720.0 | ||
| 245 | 1 | 0 | |a Physical properties of inorganic compounds : |b SI units / |c A. L. Horvath. |
| 260 | |a London : |b E. Arnold, |c 1975. | ||
| 300 | |a xiii, 466 p. : |b principalmente il. ; |c 32 cm. | ||
| 504 | |a Bibliografía: p. viii-xiii. | ||
| 500 | |a Incluye índice. | ||
| 020 | |a 0844805238 | ||
| 100 | 1 | |a Horvath, Arisztid Lajos. | |
| 082 | 0 | 0 | |a 546 |
| 650 | 4 | |a Componentes inorgánicos |x Tablas. | |
| 650 | 4 | |a Química inorgánica |x Tablas. | |
| 650 | 0 | |a Chemistry, Inorganic |x Tables. | |
| 650 | 0 | |a Inorganic compounds |x Tables. | |
| 010 | |a 74081574 | ||
| 040 | |a DLC |c DLC |d AR-BbSID | ||
| 859 | |a AR-BbSID |b BIB. PLAPIQUI |h 546 |i H 78 |k R |p 583 | ||
